000
00307nam a22001457a 4500
008
210527b ||||| |||| 00| 0 eng d
020
_a
3510651839
041
_a
eng
080
_a
91
082
_a
91
100
_a
42
101
_a
GJEO
245
_a
Shales and Mudstones
_c
Schieber,J
942
_2
udc
_c
BK
999
_c
57700
_d
57700